Sheʼelot u-teshuvot ha-Radbaz. (Record no. 33320)
[ view plain ]
| 000 -LEADER | |
|---|---|
| fixed length control field | 00833cam a22002651 4500 |
| 001 - CONTROL NUMBER | |
| control field | he 68001472 |
| 003 - CONTROL NUMBER IDENTIFIER | |
| control field | DLC |
| 005 - DATE AND TIME OF LATEST TRANSACTION | |
| control field | 20260227111458.0 |
| 008 - FIXED-LENGTH DATA ELEMENTS--GENERAL INFORMATION | |
| fixed length control field | 840125s1966 nyu 000 0 heb |
| 010 ## - LIBRARY OF CONGRESS CONTROL NUMBER | |
| LC control number | he 68001472 |
| 035 ## - SYSTEM CONTROL NUMBER | |
| System control number | (OCoLC)19151895 |
| 040 ## - CATALOGING SOURCE | |
| Original cataloging agency | DLC |
| Transcribing agency | MH |
| Modifying agency | DLC |
| 042 ## - AUTHENTICATION CODE | |
| Authentication code | premarc |
| 050 00 - LIBRARY OF CONGRESS CALL NUMBER | |
| Classification number | BM522.43 |
| Item number | .B48 1966 |
| 100 0# - MAIN ENTRY--PERSONAL NAME | |
| Personal name | David ben Solomon ibn Abi Zimra, |
| Dates associated with a name | active 1513-1573. |
| 240 10 - UNIFORM TITLE | |
| Uniform title | Sheʼelot u-teshuvot |
| 245 10 - TITLE STATEMENT | |
| Title | Sheʼelot u-teshuvot ha-Radbaz. |
| 260 ## - PUBLICATION, DISTRIBUTION, ETC. | |
| Place of publication, distribution, etc. | [New York] : |
| Name of publisher, distributor, etc. | Otsar ha-sefarim, |
| Date of publication, distribution, etc. | 727 [1966 or 1967] |
| 300 ## - PHYSICAL DESCRIPTION | |
| Extent | 7 v. in 2 ; |
| Dimensions | 32 cm. |
| 500 ## - GENERAL NOTE | |
| General note | Vol 2-7 without date. |
| 500 ## - GENERAL NOTE | |
| General note | Vol. 5 has running title: "Sheʼelot u-teshuvot ha-Radbaz li-leshonot ha-Rambab." |
| 500 ## - GENERAL NOTE | |
| General note | Reprint. |
| 650 #0 - SUBJECT ADDED ENTRY--TOPICAL TERM | |
| Topical term or geographic name entry element | Responsa |
| Chronological subdivision | 1040-1600. |
| 752 ## - ADDED ENTRY--HIERARCHICAL PLACE NAME | |
| Country or larger entity | United States |
| First-order political jurisdiction | New York |
| City | New York |
No items available.